Datum a čas kvízu
29
Celkem bodů
Celkový počet nahraných bodů na tomto kvízu bez doplňovacích otázek.
3.
Pořadí na kvízu
Konečné umístění týmu na tomto kvízu.
Zaznamenané odpovědi
| # | Otázka | Odpověď | Body | Výsledky |
|---|---|---|---|---|
| 1. | Předsedou Zelených se v sobotu... | 0 | ||
| 2. | Prostořeký prezident USA Donal... | 0 | ||
| 3. | Ve středu 17. ledna byly oznám... | 0 | ||
| 4. | Modelová řada automobilky Škod... | 1 | ||
| 5. | Ve 37 letech ukončil kariéru f... | 1 | ||
| 6. | Abychom se mohli ohřát u ohně,... | 0 | ||
| 7. | Firework, tedy Ohňostroj, je h... | 1 | ||
| 8. | Olympijský oheň je jedním ze z... | 0 | ||
| 5. | Ohníček byl časopis pro děti a... | 0 | ||
| 5. | Ohněm a mečem je román polskéh... | 1 |